00383pab a2200133 454500008004000000100002200040245006100062260000900123300001300132362000800145650002600153650002800179773004200207180718b1998 xxu||||| |||| 00| 0 eng d aHerissier, Roy Le aJersey: exercising executive power in a non-party system c1998 ap.169-84 aMay aSmall states - Jersey aPolitics and government aPublic Administration and Development